000 00548nam a2200181Ia 4500
008 090124s9999 xx 000 0 und d
082 _b113530
100 _aपारगांवकर राजा
245 _a नागपुरात अजगर
250 _a1
260 _c1970
300 _a83
600 _aपारगांवकर राजा
630 _a नागपुरात अजगर
700 _aपारगांवकर राजा
730 _a नागपुरात अजगर
942 _cBOOK
999 _c159621
_d159621